000 00441nam a2200145 4500
008 050517s1962 -hk chi
090 _aBT751.2
_bH42k
100 1 _aHer, Hsiao-Dung
245 1 0 _aThe key to heaven {ch} /
_cHsiao-Dung Her.
260 _aHong Kong :
_bZhen-Quang Press,
_c1962.
300 _a50 p.
650 4 _aChristianity {ch}.
650 4 _aSalvation {ch}.
951 _pC-6267
_oBT751.2/H42k
_j070613111455031
_d2000-12-21
_cCH
999 _c23334
_d23334